Equipos de Conmebol con títulos internacionales - Estadísticas

Estadísticas generales
  • Esta prueba ha sido intentada 137 veces
  • La puntuación promedio es 32 de 42
Estadísticas de respuestas
Titulos Equipos % Correcto
18 Boca Juniors
100%
12 River Plate
99%
18 Independiente
98%
5 Racing Club
97%
6 Estudiantes de La Plata
95%
10 Flamengo
93%
5 Palmeiras
92%
3 San Lorenzo
92%
3 Colo Colo
91%
9 Nacional
91%
9 Peñarol
91%
8 Santos
90%
7 Atletico Nacional
86%
12 Sao Paulo
86%
2 Fluminense
85%
8 Olimpia
85%
5 Velez
84%
4 Lanús
82%
6 Gremio
79%
4 Corinthians
78%
1 Universidad de Chile
77%
2 Argentinos Juniors
75%
2 Botafogo
75%
5 Liga de Quito
75%
1 Universidad Catolica
75%
7 Cruzeiro
74%
1 Millonarios
73%
1 Rosario Central
73%
4 Atletico Mineiro
71%
1 Talleres
70%
3 Vasco da Gama
70%
7 Internacional
69%
3 Independiente del Valle
67%
2 Defensa y Justicia
66%
1 Once Caldas
64%
2 Arsenal
60%
3 Atletico Paranaense
60%
2 Independiente Santa Fe
49%
2 Cienciano
48%
1 America Cali
40%
1 Chapecoense
36%
1 Mariscal Santa Cruz
13%
No se encontraron pruebas coincidentes
Distribución de puntuación
Porcentaje de gente con cada puntuación
Porcentaje por número respondido
Historial de tus puntuaciones
No has intentado esta prueba.